| 000 | 00364nam a22001337a 4500 | ||
|---|---|---|---|
| 003 | SGT | ||
| 082 |
_a616.992 _bE07S |
||
| 100 | _aSHASTRI, SURENDRA S. | ||
| 245 | _aEVIDENCE BASED MANAGEMENT OF CANCER IN INDIA: GUIDELINES FOR TOBACCO CONTROL IN INDIA | ||
| 260 |
_aINDIA _bTATA MEMORIAL HOSPITAL _c2007 |
||
| 300 | _a72 | ||
| 650 | _aMEDICINE | ||
| 942 |
_2ddc _cBK |
||
| 999 |
_c21385 _d21385 |
||